| 000 | 03699nas1a22003731i 4500 | ||
|---|---|---|---|
| 001 | RU\NLR\Per\909834 | ||
| 005 | 20260408075437.0 | ||
| 011 | _a2310-4392 | ||
| 035 | _a(NLR Aleph) 003162459 | ||
| 090 |
_a3115323 _c3115323 |
||
| 100 | _a20121213a20129999|||y0rusy50 ca | ||
| 101 | 0 | _arus | |
| 102 | _aRU | ||
| 110 | _azu||||||||| | ||
| 200 | 1 |
_aЭкономика, управление и право в современных условиях _eмеждународный сборник статей _fФедерал. гос. бюджет. образоват. учреждение высш. проф. образования "Самар. гос. ун-т", Каф. экономики города и муницип. упр., НП "Ин-т анализа экономики города и региона" |
|
| 207 | 0 | _a2012, вып. 1 (13) - | |
| 210 |
_aСамара _cСамарский университет _d2012 - |
||
| 300 | _aВ надзаг. также: М-во образования и науки Рос. Федерации | ||
| 311 | _aРанее выходил как: Экономика, финансы и управление в современных условиях | ||
| 320 | _aРанее в серии сборника научных статей вышли [2009-2020]. - (Вып. 35. - 2020. - С. 115-117) | ||
| 320 | _aРанее в серии сборника научных статей вышли [2009-2020]. - (Вып. 36. - 2020. - С. 133-135) | ||
| 430 | 0 |
_12001#$aЭкономика, финансы и управление в современных условиях _tЭкономика, финансы и управление в современных условиях |
|
| 712 | 0 | 2 |
_4570 _aСамарский государственный университет _bКафедра экономики города и муниципального управления _9323593 _3RU\NLR\AUTH\8810219063 |
| 712 | 0 | 2 |
_4570 _aСамарский государственный университет _bКафедра общего и стратегического менеджмента _9309413 _3RU\NLR\AUTH\8810211102 |
| 712 | 0 | 2 |
_4570 _aИнститут судебной строительно-технической экспертизы _cТольятти _9705480 _3RU\NLR\AUTH\880522161 |
| 852 |
_aNLR _jП22/9399 |
||
| 942 | _cCOLLECTION | ||
| 980 | _aRUSPER | ||